<?xml version="1.0" encoding="UTF-8"?><?xml-stylesheet type="text/xsl" href="static/style.xsl"?><OAI-PMH xmlns="http://www.openarchives.org/OAI/2.0/" xmlns:xsi="http://www.w3.org/2001/XMLSchema-instance" xsi:schemaLocation="http://www.openarchives.org/OAI/2.0/ http://www.openarchives.org/OAI/2.0/OAI-PMH.xsd"><responseDate>2026-04-19T04:31:12Z</responseDate><request verb="GetRecord" identifier="oai:riubu.ubu.es:10259/10971" metadataPrefix="marc">https://riubu.ubu.es/oai/request</request><GetRecord><record><header><identifier>oai:riubu.ubu.es:10259/10971</identifier><datestamp>2025-10-21T07:35:03Z</datestamp><setSpec>com_10259_4846</setSpec><setSpec>com_10259_5086</setSpec><setSpec>com_10259_2604</setSpec><setSpec>col_10259_10973</setSpec><setSpec>col_10259_7145</setSpec></header><metadata><record xmlns="http://www.loc.gov/MARC21/slim" xmlns:doc="http://www.lyncode.com/xoai" xmlns:xsi="http://www.w3.org/2001/XMLSchema-instance" xmlns:dcterms="http://purl.org/dc/terms/" xsi:schemaLocation="http://www.loc.gov/MARC21/slim http://www.loc.gov/standards/marcxml/schema/MARC21slim.xsd">
<leader>00925njm 22002777a 4500</leader>
<datafield tag="042" ind1=" " ind2=" ">
<subfield code="a">dc</subfield>
</datafield>
<datafield tag="720" ind1=" " ind2=" ">
<subfield code="a">Díaz de Torres, María</subfield>
<subfield code="e">author</subfield>
</datafield>
<datafield tag="720" ind1=" " ind2=" ">
<subfield code="a">San Martín Zapatero, Jesús Alberto</subfield>
<subfield code="e">author</subfield>
</datafield>
<datafield tag="260" ind1=" " ind2=" ">
<subfield code="c">2025-09</subfield>
</datafield>
<datafield tag="520" ind1=" " ind2=" ">
<subfield code="a">La prehistoria es la etapa de la humanidad donde se configuran los rasgos biológicos y&#xd;
culturales que definen al ser humano. Sin embargo, es la etapa que menos presencia tiene&#xd;
en la enseñanza reglada, y en sus contenidos hay presencia de estereotipos y errores que&#xd;
dificultan la transposición didáctica. El objetivo es analizar una muestra de 6 recursos&#xd;
educativos digitales sobre prehistoria. Para ello se construye un instrumento con 10&#xd;
variables de análisis apriorísticas deductivas y se sigue un método de análisis mixto. Los&#xd;
resultados expresan la presencia de estereotipos de género, étnicos, además de errores y&#xd;
sesgos que no están en consonancia con los últimos avances en la disciplina de referencia.&#xd;
Se concluye que los recursos digitales de la muestra no contribuyen a la construcción de&#xd;
identidades plurales ni a una educación para una ciudadanía global crítica.</subfield>
</datafield>
<datafield tag="024" ind2=" " ind1="8">
<subfield code="a">https://hdl.handle.net/10259/10971</subfield>
</datafield>
<datafield tag="024" ind2=" " ind1="8">
<subfield code="a">10.33732/ActasdeCongresos/09092025</subfield>
</datafield>
<datafield ind1=" " ind2=" " tag="653">
<subfield code="a">Educación para la ciudadanía global</subfield>
</datafield>
<datafield ind1=" " ind2=" " tag="653">
<subfield code="a">Enseñanza de la prehistoria</subfield>
</datafield>
<datafield ind1=" " ind2=" " tag="653">
<subfield code="a">Recursos digitales</subfield>
</datafield>
<datafield ind1=" " ind2=" " tag="653">
<subfield code="a">Transposición didáctica</subfield>
</datafield>
<datafield tag="245" ind1="0" ind2="0">
<subfield code="a">Prehistoria y recursos educativos digitales: ¿avance o inmovilismo?</subfield>
</datafield>
</record></metadata></record></GetRecord></OAI-PMH>